Tras acuerdo social: Nicaragua solicitará ayuda internacional
El gobierno de Violeta Barrios hace intentos por lograr la estabilización de Nicaragua, pactando una concertación social y buscando ayuda externa para poner a funcionar el aparato productivo y superar la seria crisis económica que atraviesa el país, por ello, le pide a los organismos internacionales...
Guardado en:
| Format: | Texto |
|---|---|
| Sprog: | Spanish |
| Fag: | |
| Tags: |
Tilføj Tag
Ingen Tags, Vær først til at tagge denne postø!
|
MARC
| LEADER | 00000 a a2200000 04500 | ||
|---|---|---|---|
| 001 | 2789 | ||
| 003 | cru IIS | ||
| 005 | 20211108104503.0 | ||
| 008 | 211108b |||||||| |||| 00| 0 spa d | ||
| 040 | |c cru IIS | ||
| 245 | |a Tras acuerdo social: |b Nicaragua solicitará ayuda internacional | ||
| 500 | |a Colección Centroamérica | ||
| 520 | |a El gobierno de Violeta Barrios hace intentos por lograr la estabilización de Nicaragua, pactando una concertación social y buscando ayuda externa para poner a funcionar el aparato productivo y superar la seria crisis económica que atraviesa el país, por ello, le pide a los organismos internacionales un "trato preferencial" que le permita superar su situación postbélica y "excepcional". Las principales metas del gobierno de Barrios son: a- reducir la inflación que alcanzó en septiembre de 1990 el 2.889 por ciento, proponiéndose para ello, la emisión del "córdoba oro", con paridad al dólar y devaluar a corto plazo la emisión de esta nueva moneda ha hecho de Nicaragua, uno de los países más caros del mundo, b- buscar la estabilidad y la paz social, para ello, el gobierno ha llamado a la ex-contra, a los sindicatos sandinistas y a la empresa privada (COSEP), a una concertación social. En este proceso de concertación, los sindicatos llegaron a negociaciones satisfactorias para ambas partes: salario mínimo, sustitución del plan de despidos, financiamiento a pequeñas, medianas y grandes industrias, creación de la Comisión Nacional Agraria con miras a solucionar las disputas por tierras entre campesinos y ex-contras. Por su parte, el COSEP se retiró de las conversaciones acusando al gobierno de no haber hecho intentos por devolver las propiedades que les confiscó el gobierno sandinista y acusándolo además, de pactar con los sandinistas. VJ/JM | ||
| 650 | |a AYUDA ECONOMICA | ||
| 650 | |a ELECCIONES | ||
| 650 | |a OPOSICION POLITICA | ||
| 650 | |a COOPERACION INTERNACIONAL | ||
| 650 | |a EMPOBRECIMIENTO | ||
| 650 | |a RECESION ECONOMICA | ||
| 650 | |a ORGANIZACIONES REVOLUCIONARIAS | ||
| 651 | 0 | |9 1861 |a NICARAGUA | |
| 773 | |g número 49; páginas 6-9 | ||
| 773 | 0 | |0 42570 |9 4990 |a Universidad de Costa Rica |d San José, Costa Rica CSUCA; Universidad de Costa Rica, 1988- |o MFN: 1564 |t Centroamérica Hoy/ | |
| 942 | |2 ddc |c PP | ||
| 999 | |c 21431 |d 21431 | ||
